00387nam a2200145Ia 4500008004100000020001500041041001200056082001600068100002300084245007500107260002500182300000800207650000800215700001800223221030s9999 xx 000 0 und d a0074624776 aEnglish a105.23bBha aS. K. Bhattacharya 0aIndustrial Electronics & Controlcby S. K. Bhattacharya, S. Chatterjee bTMHaNew Delhic2002 a649 aECE aS. Chatterjee